Technology and development in Indian Subcontinent (Record no. 361124)

000 -LEADER
fixed length control field 00462cam a22001457a 4500
008 - FIXED-LENGTH DATA ELEMENTS--GENERAL INFORMATION
fixed length control field 180718b1992 xxu||||| |||| 00| 0 eng d
020 ## - INTERNATIONAL STANDARD BOOK NUMBER
International Standard Book Number 8185425973
082 ## - DEWEY DECIMAL CLASSIFICATION NUMBER
Classification number T2 Al11t
100 ## - MAIN ENTRY--PERSONAL NAME
Personal name Alagh, Yoginder K.
245 ## - TITLE STATEMENT
Title Technology and development in Indian Subcontinent
Statement of responsibility, etc. by Yoginder K. Alagh
260 ## - PUBLICATION, DISTRIBUTION, ETC.
Place of publication, distribution, etc. Shimla
Name of publisher, distributor, etc. Indian Institute of Advanced Study
Date of publication, distribution, etc. 1992
300 ## - PHYSICAL DESCRIPTION
Extent 26p.
650 ## - SUBJECT ADDED ENTRY--TOPICAL TERM
Topical term or geographic name entry element Rural development - India
650 ## - SUBJECT ADDED ENTRY--TOPICAL TERM
Topical term or geographic name entry element Technological innovations - India
Holdings
Withdrawn status Lost status Damaged status Not for loan Permanent Location Current Location Date acquired Full call number Barcode Date last seen Price effective from Koha item type
        Indian Institute of Public Administration Indian Institute of Public Administration 1996-04-03 T2 Al11t 67884 2018-07-21 2018-07-21 Book

Powered by Koha